LDR 01018naa#a2200169#i#450# 001 RU\INFRA-M\bibl\126788 005 20260705061902.7 011 ## _a2305-7807 100 ## _a20260430b2026####ek#y0rusy0150####ca 102 ## _aRU 200 1# _aЧЕЛОВЕЧЕСКИЙ КАПИТАЛ РАБОТНИКОВ СТАРШИХ ВОЗРАСТОВ: ЭЙДЖИЗМ В СОХРАНЕНИИ И ПЕРЕДАЧЕ ЗНАНИЙ _eЖурнальная статья 210 1# _aМосква _cОбщество с ограниченной ответственностью «Научно-издательский центр ИНФРА-М» _d2026 215 ## _a7 с. 608 ## _aЖурнальная статья _2local 675 ## _aТеория и организация труда. Взаимоотношения между предприятием и персоналом, между работодателями и работающими, между трудом и капиталом. 331.1 _z 700 #1 _aДимитренко _gА. А. 856 4# _azh-szf.ru _u